[Event "FRA-chT3 Gr5 "]
[Site "Bretagne"]
[Date "2006.??.??"]
[Round "5.6"]
[White "Peyre, Camille"]
[Black "Come, Guy Marie"]
[Result "1-0"]
[WhiteElo "1870"]
[BlackElo "1850"]
[PlyCount "91"]
[EventDate "2006.??.??"]
[EventType "team"]
[EventRounds "9"]
[EventCountry "FRA"]
[SourceTitle "EXT 2007"]
[Source "ChessBase"]
[SourceDate "2006.11.23"]
[SourceVersion "1"]
[SourceVersionDate "2006.11.23"]
[SourceQuality "1"]

1. d4 Nf6 2. Bg5 e6 3. e4 Be7 4. Bd3 c5 5. Bxf6 Bxf6 6. e5 Be7 7. Qg4 g6 8. Nd2 cxd4 9. Qxd4 Nc6 10. Qe3 Qa5 11. Ngf3 Bc5 12. Qf4 Be7 13. 0-0 Qd8 14. Ne4 h6 15. Nd6+ Bxd6 16. exd6 g5 17. Qc4 Qf6 18. b3 0-0 19. Qe4 Qg7 20. Rfe1 f5 21. Qe3 Qf6 22. Ne5 Qxe5 23. Qxe5 Nxe5 24. Rxe5 b6 25. a4 Bb7 26. a5 Rfd8 27. a6 Bc6 28. b4 Kg7 29. b5 Bd5 30. c4 Be4 31. Bxe4 fxe4 32. Rxe4 Rac8 33. Kf1 Rc5 34. Ke2 Rdc8 35. Rc1 Rxb5 36. cxb5 Rxc1 37. Rxe6 Rc5 38. Re7+ Kf8 39. Rxd7 Ke8 40. Rxa7 Rxb5 41. Rb7 Rb2+ 42. Ke3 Ra2 43. a7 b5 44. Rb8+ Kd7 45. a8Q Rxa8 46. Rxa8 1-0